| 000 | 00394nam a2200145Ia 4500 | ||
|---|---|---|---|
| 008 | 221030s9999 xx 000 0 und d | ||
| 020 | _a8189757148 | ||
| 041 | _aEnglish | ||
| 100 | _aA. K. Pandey | ||
| 245 | 3 |
_aAn Introduction to Automata Theory & Formal Languages _cby A. K. Pandey |
|
| 260 |
_bS. K. Kataria & Sons _aNew Delhi _c2015 |
||
| 300 | _a367 | ||
| 650 | _aComputers | ||
| 942 | _cBK | ||
| 999 |
_c15575 _d15575 |
||